| 000 | 00722nam a22002297a 4500 | ||
|---|---|---|---|
| 005 | 20170124110232.0 | ||
| 010 | _aA-710351 | ||
| 020 |
_c40.00 _a19561321X |
||
| 035 | _aA-710351 | ||
| 037 | _bCen Lib/Ret | ||
| 040 |
_aDPL _bEN |
||
| 082 |
_a921 _bNEH |
||
| 100 |
_aNehru, Jawaharlal _930379 |
||
| 245 |
_aJawaharlal Nehru : _cby Jawaharlal Nehru _ban autobiography / |
||
| 260 |
_aNew Delhi _bJawaharlal Nehru Memorial Fund _c1987 |
||
| 270 |
_bNew Delhi _aTeen Murti House _e110001 |
||
| 300 |
_axvi, 623p. _c21cm(pbk) |
||
| 500 | _aIncludes index | ||
| 650 |
_aNehru, Jawaharlal, -- 1889-1964 _y _941453 |
||
| 650 |
_aNehru, Jawaharlal -- Autobiography _941454 |
||
| 942 |
_2ddc _cEN _h921 _mNEH |
||
| 999 |
_c134697 _d134697 |
||